Новите чудеса на света (Запис номер 41549)
[ съкратено ]
| 000 -Лидер | |
|---|---|
| Контролно поле с фиксирана дължина | 02490nam a2200481 c 4500 |
| 003 - Код на организацията, давaща контролен номер | |
| Контролно поле | BLK |
| 005 - Дата и час на последна редакция | |
| Контролно поле | 20250106130705.0 |
| 008 - Елементи от данни с фиксирана дължина | |
| fixed length control field | 180408b bul|||||r ||||||| ||bul|| |
| 010 ## - Наследен системен номер | |
| LC control number | KNG00045114000 |
| 020 ## - Международен стандартен номер на книга ISBN | |
| Международен стандартен номер на книга ISBN | 978-954-28-0980-7 |
| -- | издат.: Сиела Норма |
| 040 ## - Източник на каталожния запис | |
| Идентификатор на билиотеката - собственик на записа | BLK |
| 041 ## - Код за език | |
| Код за езика на текст/звукозапис или на отделно заглавие | Български |
| Код за езика КДБФ | Български |
| 072 #7 - Код за тематичната категория | |
| Код организация | bullib |
| Код за тематична категория | Н92 |
| Текст | История Н |
| 080 ## - УДК | |
| Текстов определител УДК | История на цивилизацията. История на културата |
| УДК код - определител по УДК | 930.85 |
| УДК определител | (02.062) |
| УДК - код + определител | 930.85(02.062) |
| 080 ## - УДК | |
| Текстов определител УДК | История на архитектурата (Периоди и фази). Художествени стилове, направления и влияния(Подразделя се като 7. 03) |
| УДК код - определител по УДК | 72.03 |
| УДК определител | (100)(02.062) |
| УДК - код + определител | 72.03(100)(02.062) |
| 100 1# - Редна дума - Автор | |
| Автор | Гутберлет, Бернд Ингмар |
| Авторска отговорност | първи автор |
| R(LIN) | 57259 |
| 139 ## - Редно поле | |
| Редна дума | Гутберлет, Бернд Ингмар |
| Авторски знак | Гут - Г 94 |
| 245 10 - Сведения за заглавието | |
| Заглавие | Новите чудеса на света |
| Подзаглавни данни | Световната история, представена чрез двадесет паметника на архит. |
| Редно поле (дума) | Бернд Ингмар Гутберлет; прев. Александър Николов. |
| 257 ## - Страна на издаване | |
| Страна на създаване/издаване | Германия |
| 260 ## - Област на издателските данни | |
| -- | София |
| Име на издателя, разпространителя и проч. | Сиела Норма |
| Година на издаване | 2011 |
| 300 ## - Физическа характеристика | |
| Страници | 272 с. |
| Илюстрации и др. | с ил. |
| Размери/Мащаб | 23 см |
| 380 ## - Жанр | |
| Жанр | История |
| 490 1# - СЕРИИ (Колекции) | |
| Име на серия | Historia incognita |
| 500 ## - Общи забележки | |
| Забележка | Ориг. загл. Die Neuen Weltwunder : In 20 Bauten durch die Weltegschichte / Bernd Ingmar Gutberlet. - Съдържа и за авт. ; Списък на седемте чудеса на античния свят и на новите кандидати за чудеса на света. - Библиогр. с. 266-271. |
| 650 #4 - Допълнително описание по предмет – тема | |
| Основно описание – тема или топоним | История, световна |
| 9 (RLIN) | 261939 |
| 650 #4 - Допълнително описание по предмет – тема | |
| Основно описание – тема или топоним | Култура - история |
| 9 (RLIN) | 248181 |
| 650 #4 - Допълнително описание по предмет – тема | |
| Основно описание – тема или топоним | Паметници на културата |
| 9 (RLIN) | 263565 |
| 650 #4 - Допълнително описание по предмет – тема | |
| Основно описание – тема или топоним | Архитектура - история |
| 9 (RLIN) | 274234 |
| 651 #4 - Допълнително описание по предмет - топоним | |
| Географско понятие | Свят |
| 9 (RLIN) | 179507 |
| 653 ## - Ключова дума – ненормативна | |
| Ключова дума | архитектурни паметници |
| 653 ## - Ключова дума – ненормативна | |
| Ключова дума | история на света |
| 653 ## - Ключова дума – ненормативна | |
| Ключова дума | култура |
| 653 ## - Ключова дума – ненормативна | |
| Ключова дума | паметници на културата |
| 653 ## - Ключова дума – ненормативна | |
| Ключова дума | чудеса |
| 659 ## - Тематичен бюлетин | |
| Тематичен бюлетин | Н |
| 700 1# - Други автори (авторска отговорност) | |
| Лично име | Николов, Александър |
| Автороска отговорност (Описва отношението между автора и произведението) | прев. |
| 9 (RLIN) | 366723 |
| 852 ## - Местоположение | |
| Форматна сигнатура | Цб 254208 |
| 856 4# - Електронен адрес и достъп | |
| Електронен формат | pdf - файл |
| Път до файла /url/ | |
| 856 4# - Електронен адрес и достъп | |
| Електронен формат | pdf - файл |
| Път до файла /url/ | |
| 942 ## - АРТИКУЛИ | |
| Вид на библиотечния материал | Книги |
| Скрит в OPAC | Не |
| Koha issues (borrowed), all copies | 9 |
| 944 ## - СЪЗДАВАНЕ И РЕДАКЦИЯ на ЗАПИСА | |
| Създаване/Редакция | Създаване |
| Дата на регистрацията/редакция | 30.12.2011 |
| Статус, дата на статуса | Минев Младен |
| Служител, извършил регистрацията/редакцията | 30530 |
| 944 ## - СЪЗДАВАНЕ И РЕДАКЦИЯ на ЗАПИСА | |
| Създаване/Редакция | Редакция |
| Дата на регистрацията/редакция | 29.01.2013 |
| Статус, дата на статуса | ф / |
| Служител, извършил регистрацията/редакцията | |
| 999 ## - СИСТЕМНИ КОНТРОЛНИ НОМЕРА | |
| Koha biblionumber | 41549 |
| Koha biblioitemnumber | 41549 |
| Код за отписване | Код за изгубен артикул | Код за повреда | Коз за рестрикции | Код за отдаване | Артикулен № | Име на библиотеката - собственик | Име на библиотеката, в която се намира в момента | Статус (Текущо местоположение) | Дата на вписване в системата | Местоположение - отдел | Цена в лева | Инвентарен номер | Систематично азбучна сигнатура | Баркод | Номер на екземпляра | Цена в евро | Служебна бележка | Служебен тип на артикула | Източник на класификационната схема |
|---|---|---|---|---|---|---|---|---|---|---|---|---|---|---|---|---|---|---|---|
| Не е изгубен | Не е повреден | без рестрикции | ползва се в читалня | 65162 | Регионална библиотека "Любен Каравелов" Русе | Регионална библиотека "Любен Каравелов" Русе | Читалня | 2011-12-16 | Читалня | 15.00 | 120000755738 | Ч 930/Г 94 | 120000755738 | 1 | 7.67 | Дост: Pk Вид: Ф N: 251 Дата: 15.12.2011 Дата инв: 28.03.2017 Бележки инв: Ч2017 | Книги | ||
| Не е изгубен | Не е повреден | без рестрикции | заемане за дома | 65163 | Регионална библиотека "Любен Каравелов" Русе | Регионална библиотека "Любен Каравелов" Русе | Заемна - подръчен фонд | 2012-12-16 | Заемна - подръчен фонд | 15.00 | 120000762460 | 930/Г 94 Б | 120000762460 | 2 | 7.67 | Дост: Pk Вид: Ф N: 336 Дата: 10.12.2012 Дата инв: 07.02.2018 Бележки инв: П2018 | Книги | Universal Decimal Classification | |
| Не е изгубен | Не е повреден | без рестрикции | заемане за дома | 65164 | Регионална библиотека "Любен Каравелов" Русе | Регионална библиотека "Любен Каравелов" Русе | Заемна - подръчен фонд | 2012-12-16 | Заемна - подръчен фонд | 15.00 | 120000762461 | 930/Г 94 Б | 120000762461 | 3 | 7.67 | Дост: Pk Вид: Ф N: 336 Дата: 10.12.2012 | Книги | Universal Decimal Classification | |
| Не е изгубен | Не е повреден | без рестрикции | заемане за дома | 755495 | Регионална библиотека "Любен Каравелов" Русе | Регионална библиотека "Любен Каравелов" Русе | Заемна - подръчен фонд | 2020-02-07 | Заемна - подръчен фонд | 15.00 | 930/Г 94 Б | 120000842532 | 7.67 | Книги | Universal Decimal Classification |